ZMENA ZMRAŠTENIA A ZABIEHAVOSTI ZLIATINY ALSI6CU4 V ZÁVISLOSTI OD MNOŽSTVA ANTIMÓNU

Bibliographic Details
Main Authors: Medlen, Dušan (Author), Bolibruchová, Dana (Author)
Format: Article
Language:Slovak

MARC

LEADER 00000nab a2200000 a 4500
001 vtls011119414
003 SK-MaSNL
005 20260303145426.0
008 230222|2011 xo |||||||||||||||||slo|
015 |a SNBRB 
035 |a (uuid)96169637-0040-4150-ac58-8c9842bed738 
035 |a (urnnbn)urn:nbn:sk:snk:ar-a08ogc 
035 |a urn:nbn:sk:snk-ab9q1y 
040 |a SNKBUCL  |b slo  |c SNKBUCL  |e AACR2 
041 0 |a slo 
044 |a xo  |c SK 
100 1 |a Medlen, Dušan  |4 aut  |9 1167929 
245 1 0 |a ZMENA ZMRAŠTENIA A ZABIEHAVOSTI ZLIATINY ALSI6CU4 V ZÁVISLOSTI OD MNOŽSTVA ANTIMÓNU  |c Dušan Medlen, Dana Bolibruchová 
246 3 |a SHRINKAGE AND FLUIDITY CHANGE OF ALLOY ALSI6CU4 DEPENDING ON AMOUNT OF ANTIMONY 
700 1 |a Bolibruchová, Dana  |4 aut  |9 41864 
773 0 |t Technológ : časopis pre teóriu a prax mechanických technológií  |g Roč. 3, č. Mimoriadne číslo (2011), s. 276-280 
954 |a odborná, vedecká literatúra pôvodná (slovenská)  |2 lita 
958 |a OND 
958 |a EUIPO 
958 |a article13 
999 |c 2002813  |d 2004743